| 000 | 00372nam a2200133Ia 4500 | ||
|---|---|---|---|
| 005 | 20260328101447.0 | ||
| 008 | 260328s9999||||xx |||||||||||||| ||und|| | ||
| 100 | _aNorberg-Schulz, Christian | ||
| 245 | 0 |
_aGenius Loci : _b Towards a phenomenology of Architecture / _cChristian Norberg-Schulz |
|
| 260 | _bRizzoli | ||
| 300 | _a213 p. | ||
| 650 | _aARQUITECTURA | ||
| 942 | _cBK | ||
| 999 |
_c8491 _d8491 |
||